00270nam a2200121Ia 4500008004100000041001200041082001000053100001100063245004100074250000900115260001600124650000800140221030s9999 xx 000 0 und d aEnglish a105.6 aShubam 0aSmart mirror using Rasbary PIcKanav a2015 aJAMMUc2015 aECE